01079nam a2200265 a 450000100100000000500170001000800410002702000150006804000250008304100380010808200150014610000310016124001020019224501080029426000700040230000260047249000100049853401260050850000650063470000370069970000350073683000160077104900090078799900170079600002644720200930030229.0110318s1985 ag r 000 0 spa d a9509432407 aDO-SdBNPbspacBNPHU17aspaheng2Código de idioma MARC axxxbH255p1 aHarbour, William R.95350110aThe Four-dations of conservative thought: An anglo-american tradition in perspective.lEspañol.10aEl pensamiento conservador /cWilliam R. Harbour ; traducción Juan Carlos Gorlier, Bibiana Tonnelier. aBuenos Aires, (Argentina) :bGrupo Editor Latinoamericano,c1985. a196, [3] p. ;c24 cm.1 aTemas aTítulo del original en inglés:tThe Four-dations of conservative thought. An anglo-american tradition in perspective. aIncluye referencias bibliográficas al pie de las páginas1 aGorlier, Juan Carlosetr.9514051 aTonnelier, Bibianaetr.953502 0aTemas99064 aBNGR c25939d25939